<?xml version="1.0" encoding="UTF-8"?>
<collection xmlns="http://www.loc.gov/MARC21/slim">
<record>
  <controlfield tag="001">164855</controlfield>
  <controlfield tag="005">20251203145555.0</controlfield>
  <datafield tag="037" ind1=" " ind2=" ">
    <subfield code="a">TAZ-TFG-2025-2644</subfield>
  </datafield>
  <datafield tag="041" ind1=" " ind2=" ">
    <subfield code="a">spa</subfield>
  </datafield>
  <datafield tag="100" ind1="1" ind2=" ">
    <subfield code="a">Castel Solanellas, Martina</subfield>
  </datafield>
  <datafield tag="242" ind1="0" ind2="0">
    <subfield code="a">Prison as an institution of social control: a literature review from critical and feminist criminology</subfield>
  </datafield>
  <datafield tag="245" ind1="0" ind2="0">
    <subfield code="a">La prisión como institución de control social: una revisión bibliográfica desde la criminología crítica y feminista</subfield>
  </datafield>
  <datafield tag="260" ind1=" " ind2=" ">
    <subfield code="a">Zaragoza</subfield>
    <subfield code="b">Universidad de Zaragoza</subfield>
    <subfield code="c">2025</subfield>
  </datafield>
  <datafield tag="506" ind1=" " ind2=" ">
    <subfield code="a">by-nc-sa</subfield>
    <subfield code="b">Creative Commons</subfield>
    <subfield code="c">3.0</subfield>
    <subfield code="u">http://creativecommons.org/licenses/by-nc-sa/3.0/</subfield>
  </datafield>
  <datafield tag="520" ind1=" " ind2=" ">
    <subfield code="a">El trabajo comienza desarrollando un marco teórico en el que se realiza un análisis crítico del sistema&lt;br />penitenciario como institución de control social, y se observa su función como una herramienta de poder&lt;br />orientada al castigo, el control y la exclusión social. En el siguiente apartado, titulado “Aportaciones&lt;br />feministas en la criminología crítica”, se profundiza en los trabajos realizados desde una perspectiva&lt;br />feminista, los cuales buscan visibilizar las formas en que el sistema penal afecta de manera diferenciada a&lt;br />las mujeres, especialmente aquellas con trayectorias previas de violencia y exclusión. Después, el trabajo se&lt;br />adentra en esta perspectiva feminista, y, a la luz de otras contribuciones, explora el papel revictimizador&lt;br />que el sistema de justicia desenvuelve en las trayectorias de estas mujeres, víctimas de algún tipo de&lt;br />violencia o exclusión. En una última parte, se presentan algunas alternativas a la pena de prisión impulsadas&lt;br />por la criminología feminista. Finalmente se desarrollan las conclusiones del trabajo.&lt;br />&lt;br /></subfield>
  </datafield>
  <datafield tag="521" ind1=" " ind2=" ">
    <subfield code="a">Graduado en Trabajo Social</subfield>
  </datafield>
  <datafield tag="540" ind1=" " ind2=" ">
    <subfield code="a">Derechos regulados por licencia Creative Commons</subfield>
  </datafield>
  <datafield tag="856" ind1="0" ind2=" ">
    <subfield code="f">774391@celes.unizar.es</subfield>
  </datafield>
  <datafield tag="856" ind1="4" ind2=" ">
    <subfield code="s">876770</subfield>
    <subfield code="u">http://zaguan.unizar.es/record/164855/files/TAZ-TFG-2025-2644.pdf</subfield>
    <subfield code="y">Memoria (spa)</subfield>
  </datafield>
  <datafield tag="909" ind1="C" ind2="O">
    <subfield code="o">oai:zaguan.unizar.es:164855</subfield>
    <subfield code="p">driver</subfield>
    <subfield code="p">trabajos-fin-grado</subfield>
  </datafield>
  <datafield tag="950" ind1=" " ind2=" ">
    <subfield code="a"></subfield>
  </datafield>
  <datafield tag="691" ind1=" " ind2=" ">
    <subfield code="a">5 10</subfield>
  </datafield>
  <datafield tag="692" ind1=" " ind2=" ">
    <subfield code="a">Se trata de explorar a través de un análisis documental, cómo la prisión reproduce desigualdades sociales. Además se explora desde un punto una perspectiva feminista que busca reducir las desigualdades de género.</subfield>
  </datafield>
  <datafield tag="700" ind1=" " ind2=" ">
    <subfield code="a">Hereza Modrego, David</subfield>
    <subfield code="e">dir.</subfield>
  </datafield>
  <datafield tag="710" ind1="2" ind2=" ">
    <subfield code="a">Universidad de Zaragoza</subfield>
    <subfield code="b">Unidad Predepartamental de Filosofía</subfield>
    <subfield code="c"></subfield>
  </datafield>
  <datafield tag="980" ind1=" " ind2=" ">
    <subfield code="a">TAZ</subfield>
    <subfield code="b">TFG</subfield>
    <subfield code="c">SOCIZ</subfield>
  </datafield>
  <datafield tag="999" ind1=" " ind2=" ">
    <subfield code="a">20250613135947.CREATION_DATE</subfield>
  </datafield>
  <datafield tag="951" ind1=" " ind2=" ">
    <subfield code="a">deposita:2025-12-03</subfield>
  </datafield>
</record>
</collection>